000
00214nam a22000857a 4500
008
161230b xxu||||| |||| 00| 0 eng d
100
_9
2246
_a
NCERT
245
_a
Marigold English Books-1
260
_a
New Delhi
_b
NCERT
_c
2006
999
_c
5133
_d
5133